000 00197 a2200097 4500
001 45958
100 _aMorris P
245 _aAston Villa
260 _aLondon
_bNaldrelt
_c
090 _c29075
_d29075
942 _aNUST-CAE
_cM
_c21197
999 _c281031
_d281031